MARC details
| 000 -CABECERA |
| campo de control de longitud fija |
01283nam a2200253 a 4500 |
| 001 - NÚMERO DE CONTROL |
| campo de control |
000045310 |
| 005 - FECHA Y HORA DE LA ÚLTIMA TRANSACCIÓN |
| campo de control |
20201002050043.0 |
| 008 - DATOS DE LONGITUD FIJA--INFORMACIÓN GENERAL |
| campo de control de longitud fija |
150302s2014 dr a 000 0 spa d |
| 020 ## - NÚMERO INTERNACIONAL ESTÁNDAR DEL LIBRO |
| Número Internacional Estándar del Libro |
9789945475999 |
| 040 ## - FUENTE DE LA CATALOGACIÓN |
| Centro catalogador/agencia de origen |
DO-SdBNP |
| Lengua de catalogación |
spa |
| Centro/agencia transcriptor |
BNPHU |
| 082 ## - NÚMERO DE LA CLASIFICACIÓN DECIMAL DEWEY |
| Número de documento/Ítem |
J93c |
| 245 00 - MENCIÓN DE TÍTULO |
| Título |
Jugar con las estrellas : |
| Resto del título |
selección de cuentos infantiles del Caribe de habla hispana / |
| Mención de responsabilidad, etc. |
edición ; Thelma Jiménez ; ilustraciones Nydia Fernández Pérez Yorlan Cabezas Padrón. |
| 260 ## - PUBLICACIÓN, DISTRIBUCIÓN, ETC. |
| Lugar de publicación, distribución, etc. |
Santo Domingo : |
| Nombre del editor, distribuidor, etc. |
Ediciones Ferilibro, |
| Fecha de publicación, distribución, etc. |
2014. |
| 300 ## - DESCRIPCIÓN FÍSICA |
| Extensión |
54 p. : |
| Otras características físicas |
il. ; |
| Dimensiones |
22 cm. |
| 490 1# - MENCIÓN DE SERIE |
| Mención de serie |
Dienteleche |
| 505 0# - NOTA DE CONTENIDO CON FORMATO |
| Título |
República Dominicana : Titi y la ciguapa -- |
| Mención de responsabilidad |
Eleonor Grijmaldi Silié -- |
| Título |
Vauli la Estrellamar -- |
| Mención de responsabilidad |
Jenny Montero -- |
| Título |
Puerto Rico : Barquito de papel -- |
| Mención de responsabilidad |
Marioantonio Rosa -- |
| Título |
Mi ave de hojas -- |
| Mención de responsabilidad |
José Rabelo -- |
| Título |
Cuba : La se ñora solitaria -- |
| Mención de responsabilidad |
Zurelys López Amaya -- |
| Título |
Claudio y el pez lunar -- |
| Mención de responsabilidad |
Alberto Hernández Sánchez -- |
| 500 ## - NOTA GENERAL |
| Nota general |
Incluye datos de los autores |
| 650 #4 - PUNTO DE ACCESO ADICIONAL DE MATERIA--TÉRMINO DE MATERIA |
| Término de materia o nombre geográfico como elemento de entrada |
Cuentos infantiles caribeños |
| Subdivisión general |
Colecciones |
| 9 (RLIN) |
73329 |
| 650 #4 - PUNTO DE ACCESO ADICIONAL DE MATERIA--TÉRMINO DE MATERIA |
| Término de materia o nombre geográfico como elemento de entrada |
Literatura infantil caribeña |
| Subdivisión general |
Colecciones |
| 9 (RLIN) |
73330 |
| 700 12 - PUNTO DE ACCESO ADICIONAL--NOMBRE DE PERSONA |
| Nombre de persona |
Jiménez, Thelma, |
| Término indicativo de función/relación |
ed. |
| 9 (RLIN) |
22967 |
| 700 12 - PUNTO DE ACCESO ADICIONAL--NOMBRE DE PERSONA |
| Nombre de persona |
Fernández Pérez, Nydia, |
| Término indicativo de función/relación |
il. |
| 9 (RLIN) |
73331 |
| 700 12 - PUNTO DE ACCESO ADICIONAL--NOMBRE DE PERSONA |
| Nombre de persona |
Cabezas Padrón, Yorlan, |
| Término indicativo de función/relación |
il. |
| 9 (RLIN) |
73332 |
| 830 #0 - PUNTO DE ACCESO ADICIONAL DE SERIE-TÍTULO UNIFORME |
| Título uniforme |
Dienteleche |
| 9 (RLIN) |
54956 |